[Event "TUR Cup"]
[Site "Antalya"]
[Date "2020.02.02"]
[Round "11"]
[White "Fazla, Onder Zafer"]
[Black "Arpa, Emre"]
[Result "0-1"]
[WhiteElo "1646"]
[BlackElo "1815"]
[PlyCount "68"]
[EventDate "2020.01.26"]
[EventType "swiss"]
[EventRounds "11"]
[EventCountry "TUR"]
[SourceTitle "CBM 194 Extra"]
[Source "ChessBase"]
[SourceDate "2020.03.31"]
[SourceVersion "1"]
[SourceVersionDate "2020.03.31"]
[SourceQuality "1"]

1. c4 e5 2. Nc3 Nf6 3. g3 Nc6 4. Bg2 Bc5 5. e3 Qe7 6. Nge2 d6 7. Nd5 Nxd5 8. cxd5 Nd8 9. b4 Bb6 10. a4 a5 11. b5 f5 12. Nc3 Nf7 13. Bb2 Bd7 14. 0-0 h5 15. d4 h4 16. Ne2 hxg3 17. fxg3 g5 18. Qd3 0-0-0 19. Bc3 f4 20. Qd2 fxe3 21. Qxe3 Bg4 22. Bf3 Nh6 23. Bg2 Rde8 24. Bb2 Qh7 25. Be4 exd4 26. Qd3 Qxe4 27. Nc1 Qxd3 28. Nxd3 Be2 29. Nf2 Rhf8 30. Bc1 Bxf1 31. Bxg5 d3 32. Rxf1 Rxf2 33. Bxh6 Rf6+ 34. Kg2 Re2+ 0-1

[Event "TUR Cup"]
[Site "Antalya"]
[Date "2020.02.01"]
[Round "10"]
[White "Arpa, Emre"]
[Black "Ozgen, Tolga"]
[Result "1-0"]
[WhiteElo "1815"]
[BlackElo "1638"]
[PlyCount "77"]
[EventDate "2020.01.26"]
[EventType "swiss"]
[EventRounds "11"]
[EventCountry "TUR"]
[SourceTitle "CBM 194 Extra"]
[Source "ChessBase"]
[SourceDate "2020.03.31"]
[SourceVersion "1"]
[SourceVersionDate "2020.03.31"]
[SourceQuality "1"]

1. e4 Nf6 2. e5 Nd5 3. c4 Nb6 4. d4 d6 5. f4 dxe5 6. fxe5 Nc6 7. Be3 Bf5 8. Nc3 e6 9. Nf3 Bb4 10. a3 Bxc3+ 11. bxc3 Qd7 12. Bd3 Bxd3 13. Qxd3 Na5 14. c5 Nbc4 15. Bc1 Qd5 16. Rb1 0-0-0 17. 0-0 h6 18. Qe2 Nc6 19. Bf4 Ne7 20. Rb4 Na5 21. Rfb1 b6 22. Qa6+ Kd7 23. Qe2 Rb8 24. c4 Qc6 25. Rd1 bxc5 26. dxc5+ Kc8 27. Rdb1 Rxb4 28. axb4 Nb7 29. Nd4 Qd7 30. Qe4 Rd8 31. Be3 Kb8 32. b5 Qe8 33. Nc6+ Ka8 34. Nxa7 Kxa7 35. c6+ Kb8 36. cxb7 Qd7 37. Ra1 c6 38. Ra8+ Kc7 39. b6+ 1-0

[Event "TUR Cup"]
[Site "Antalya"]
[Date "2020.01.28"]
[Round "4"]
[White "Arpa, Emre"]
[Black "Kecili, Mustafa Firat"]
[Result "1/2-1/2"]
[WhiteElo "1815"]
[BlackElo "1673"]
[PlyCount "160"]
[EventDate "2020.01.26"]
[EventType "swiss"]
[EventRounds "11"]
[EventCountry "TUR"]
[SourceTitle "CBM 194 Extra"]
[Source "ChessBase"]
[SourceDate "2020.03.31"]
[SourceVersion "1"]
[SourceVersionDate "2020.03.31"]
[SourceQuality "1"]

1. e4 c5 2. Nf3 e6 3. d4 cxd4 4. Nxd4 Nc6 5. Nc3 d6 6. Be3 Nf6 7. f3 h5 8. a3 Qc7 9. Ndb5 Qb8 10. Qd2 a6 11. Nd4 Qc7 12. b4 Nxd4 13. Bxd4 Bd7 14. Bd3 Rc8 15. Ne2 e5 16. Be3 d5 17. 0-0 dxe4 18. fxe4 Ng4 19. Kh1 Nxe3 20. Qxe3 Be6 21. c4 g6 22. c5 Bh6 23. Qf2 0-0 24. Rad1 Rcd8 25. Nc3 Rd4 26. Nd5 Bxd5 27. exd5 Rxd5 28. Bc4 Rxd1 29. Rxd1 Qe7 30. Rd6 Qg5 31. Bd5 Qc1+ 32. Qg1 Qxa3 33. Rxg6+ Kh7 34. Rf6 Qxb4 35. Qf1 Bf4 36. g3 Qxc5 37. Qd3+ Kg7 38. Rf5 Qc1+ 39. Kg2 Qd2+ 40. Qxd2 Bxd2 41. Bxb7 Bc3 42. Bxa6 Re8 43. Rxh5 e4 44. Rg5+ Kf6 45. Rc5 Bd4 46. Rd5 Ba7 47. Bc4 Rc8 48. Bb3 Rc3 49. Rb5 Rf3 50. Rb7 Rf2+ 51. Kh3 Bd4 52. Rxf7+ Kg5 53. Rd7 Bf6 54. Rd5+ Rf5 55. Rd1 e3 56. Bc4 Re5 57. Be2 Re7 58. Kg2 Bc3 59. Rd6 Bd2 60. h3 Rf7 61. Bf3 Re7 62. Kf1 Ra7 63. Ke2 Ra1 64. Kd3 Rg1 65. h4+ Kf5 66. g4+ Kf4 67. Be2 Ra1 68. g5 Ra3+ 69. Kc2 Rc3+ 70. Kb2 Rc7 71. g6 Kg3 72. h5 Kf2 73. Bg4 Bc3+ 74. Kb3 e2 75. Bxe2 Kxe2 76. h6 Ba1 77. Kb4 Kf3 78. Kb5 Kf4 79. Rd1 Kg5 80. Kb6 Re7 1/2-1/2

[Event "TUR Cup"]
[Site "Antalya"]
[Date "2020.01.27"]
[Round "2"]
[White "Arpa, Emre"]
[Black "Ozen, Bahadir"]
[Result "0-1"]
[WhiteElo "1815"]
[BlackElo "2389"]
[PlyCount "70"]
[EventDate "2020.01.26"]
[EventType "swiss"]
[EventRounds "11"]
[EventCountry "TUR"]
[SourceTitle "CBM 194 Extra"]
[Source "ChessBase"]
[SourceDate "2020.03.31"]
[SourceVersion "1"]
[SourceVersionDate "2020.03.31"]
[SourceQuality "1"]

1. e4 c5 2. Nf3 Nc6 3. d4 cxd4 4. Nxd4 Nf6 5. Nc3 e5 6. Ndb5 d6 7. Nd5 Nxd5 8. exd5 Nb8 9. c4 Be7 10. f4 Nd7 11. Bd3 0-0 12. 0-0 a6 13. Nc3 f5 14. fxe5 Nxe5 15. Bf4 Qb6+ 16. Kh1 Bd7 17. Bxe5 dxe5 18. Qb3 Qxb3 19. axb3 e4 20. Bc2 Rf6 21. g4 Raf8 22. Rae1 g6 23. Kg2 b5 24. g5 Rb6 25. Rb1 Rc8 26. d6 Rxd6 27. Rfd1 Rxd1 28. Rxd1 Be6 29. h4 Kf7 30. Ra1 Rd8 31. cxb5 Rd2+ 32. Kf1 axb5 33. Rc1 Rh2 34. Ne2 Rxh4 35. Ra1 Rh1+ 0-1

[Event "TUR Cup										"]
[Site "Antalya"]
[Date "2018.01.30"]
[Round "5"]
[White "Dalgar, Hakki Berat"]
[Black "Arpa, Emre"]
[Result "1/2-1/2"]
[WhiteElo "2154"]
[BlackElo "1816"]
[PlyCount "127"]
[EventDate "2018.01.27"]
[EventType "swiss"]
[EventRounds "11"]
[EventCountry "TUR"]
[SourceTitle "CBM 182 Extra"]
[Source "ChessBase"]
[SourceDate "2018.02.23"]
[SourceVersion "1"]
[SourceVersionDate "2018.02.23"]
[SourceQuality "1"]

1. d4 c5 2. c3 d5 3. e3 Nc6 4. Nf3 Bg4 5. Nbd2 a6 6. dxc5 e5 7. Qa4 Bd7 8. Qb3 Nf6 9. Qxb7 Bxc5 10. Qb3 0-0 11. Be2 e4 12. Nd4 Ne5 13. f4 Neg4 14. Nf1 Rb8 15. Qd1 Bxd4 16. Qxd4 Bb5 17. Bxb5 Rxb5 18. b3 Qa5 19. Bb2 Nh6 20. Ng3 Rd8 21. 0-0 Rbb8 22. f5 Kh8 23. Ne2 Qc7 24. h3 Nh5 25. Rad1 Ng3 26. Nxg3 Qxg3 27. c4 dxc4 28. Qxd8+ Rxd8 29. Rxd8+ Ng8 30. Bd4 Qc7 31. Rd1 f6 32. Rd5 cxb3 33. Rc5 Qf7 34. axb3 Qxb3 35. Rdc1 h5 36. Rc8 Kh7 37. R1c7 Qb5 38. Ra8 Qxf5 39. Rxa6 h4 40. Rc5 Qg6 41. Raa5 Qg3 42. Kf1 Nh6 43. Ra7 Kg6 44. Re7 Qb8 45. Rc1 Nf5 46. Rec7 Qb5+ 47. Kg1 Qe2 48. Rf1 Nxe3 49. Bxe3 Qxe3+ 50. Kh1 f5 51. Rb7 f4 52. Rb2 Kh5 53. Rb5+ g5 54. Rf5 Qg3 55. Rf8 f3 56. R8xf3 exf3 57. Rxf3 Qe1+ 58. Kh2 g4 59. hxg4+ Kxg4 60. Rh3 Qe5+ 61. Kh1 Kf4 62. Rxh4+ Kg5 63. Rh3 Kg4 64. Rf3 1/2-1/2